000 00521nam a2200193Ia 4500
005 20250508150822.0
008 008 250505s9999 xx 000 0 eng d
037 _aTextual
040 _aFEDL
_beng
_cFEDL
041 _aeng
_2eng
084 _a370.9, JAR
_qFEDL
100 _aJarman T L
245 0 _aLandmarks in the history of education
260 _aLondon, UK
_bThe Cresset Press
_c1951
300 _avii,323p.
650 _aEducation
942 _cTEXL
_h370.9, JAR
999 _c1325854
_d1325854